| 000 | 00450nam a22001697a 4500 | ||
|---|---|---|---|
| 005 | 20200521113235.0 | ||
| 008 | 200521b xxu||||| |||| 00| 0 eng d | ||
| 020 | _a9789374734780 | ||
| 041 | _aeng | ||
| 082 | _a615.1 DAS | ||
| 100 |
_aDasgupta Tarun Kumar _95683 |
||
| 245 | _aPharma storke preparation for Graudate Oharmaaptitude test (GPAT) | ||
| 260 |
_aDelhi _bAITBS PUBLISHERS |
||
| 300 | _a306,VII | ||
| 650 |
_aPharmacy _95684 |
||
| 942 | _cBK | ||
| 999 |
_c6373 _d6371 |
||